000 00949nam a2200253 a 4500
001 000013706
005 20200929163322.0
008 091127s1984 sp ac 000 0 spa
040 _aDO-SdBNP
_bspa
_cBNPHU
082 _a925.3
_bE35H
100 1 _aHoffmann, Banesh,
_d1906- 1986.
_931142
240 1 0 _aAlbert Einstein
_lspa
245 1 0 _aEinstein /
_cBanesh Hoffmann ; traducción Jesús Fernández Zulaica ; prólogo Mario Bunge.
260 _aBarcelona :
_bSalvat,
_c1984.
300 _a231 p. :
_bil., retrs. ;
_c20 cm.
490 1 _aBiblioteca Salvat de grandes biografías
_v3
500 _aTraducción de: Albert Einstein, creador y rebelde.
504 _aBibliografía : p. 231
600 1 4 _aEINSTEIN, ALBERT,
_d1879-1955
_931143
700 1 2 _aFernández Zulaica, Jesús
_etr.
_931144
700 1 2 _aBunge, Mario
_epról.
_931145
830 0 _aBiblioteca Salvat de grandes biografías
_n3
_931146
910 _aValidado. Control de calidad MFF
999 _c13319
_d13319